परिवार और सामुदायिक पुनर्वास (Record no. 17445)

MARC details
000 -LEADER
fixed length control field 00326nam a22001217a 4500
003 - CONTROL NUMBER IDENTIFIER
control field SGT
082 ## - DEWEY DECIMAL CLASSIFICATION NUMBER
Classification number 370
Item number RAG
100 ## - MAIN ENTRY--PERSONAL NAME
Personal name राघव, श्वेता
245 ## - TITLE STATEMENT
Title परिवार और सामुदायिक पुनर्वास
260 ## - PUBLICATION, DISTRIBUTION, ETC. (IMPRINT)
Place of publication, distribution, etc DELHI
Name of publisher, distributor, etc RI PUB.
Year of Publication 2017
300 ## - PAGE DESCRIPTION
No. of Pages 156
942 ## - ADDED ENTRY ELEMENTS (KOHA)
Source of classification or shelving scheme Dewey Decimal Classification
Koha item type Books
942 ## - ADDED ENTRY ELEMENTS (KOHA)
-- 29
Holdings
Withdrawn status Lost status Source of classification or shelving scheme Damaged status Not for loan Collection code Home library Current library Date acquired SGTU Total Checkouts Total Renewals Full call number Accession No. (Barcode) Date last seen Date last borrowed Bill Date Koha item type
    Dewey Decimal Classification     EDUCATION SGT Engineering Library SGT Engineering Library 12/04/2019 SGTU 9 1 370 RAG ED4142 05/08/2023 21/07/2023 12/04/2019 Books
    Dewey Decimal Classification     EDUCATION SGT Engineering Library SGT Engineering Library 12/04/2019 SGTU 4   370 RAG ED4143 25/07/2022 11/07/2022 12/04/2019 Books
    Dewey Decimal Classification     EDUCATION SGT Engineering Library SGT Engineering Library 12/04/2019 SGTU 15   370 RAG ED4144 27/07/2022 16/07/2022 12/04/2019 Books
    Dewey Decimal Classification     EDUCATION SGT Engineering Library SGT Engineering Library 12/04/2019 SGTU 3   370 RAG ED4145 25/07/2022 05/07/2022 12/04/2019 Books